ბათუმის შოთა რუსთაველის სახელმწიფო უნივერსიტეტის ბიბლიოთეკა

ევროპის ეთნოლოგია. ეთნიკური ისტორია, ეთნიკური კულტურა (ბიბ.ჩანაწერი № 51599)

000 -LEADER
fixed length control field 00898nam a2200229Ia 4500
001 - CONTROL NUMBER
control field 18590
003 - CONTROL NUMBER IDENTIFIER
control field GE_BSU
008 - FIXED-LENGTH DATA ELEMENTS--GENERAL INFORMATION
fixed length control field 181216s||||||||xx |||||||||||||| ||und||
020 ## - INTERNATIONAL STANDARD BOOK NUMBER
International Standard Book Number 9789941130250
040 ## - CATALOGING SOURCE
Transcribing agency GE_BSU
080 ## - UNIVERSAL DECIMAL CLASSIFICATION NUMBER
Universal Decimal Classification number 39(4)(075.8)
100 ## - MAIN ENTRY--PERSONAL NAME
Personal name თოფჩიშვილი,როლანდ
245 ## - TITLE STATEMENT
Title ევროპის ეთნოლოგია. ეთნიკური ისტორია, ეთნიკური კულტურა
245 ## - TITLE STATEMENT
Statement of responsibility, etc. რედ.ქ.ხუციშვილი. მ.ქურდია
260 ## - PUBLICATION, DISTRIBUTION, ETC.
Place of publication, distribution, etc. თბილისი
260 ## - PUBLICATION, DISTRIBUTION, ETC.
Name of publisher, distributor, etc. თბილ. უნ-ტის გამ-ბა
260 ## - PUBLICATION, DISTRIBUTION, ETC.
Date of publication, distribution, etc. 2009
300 ## - PHYSICAL DESCRIPTION
Extent 360 გვ.
653 ## - INDEX TERM--UNCONTROLLED
Uncontrolled term ევროპის ეთნოლოგია. ეთნიკური ისტორია, ეთნიკური კულტურა
942 ## - ADDED ENTRY ELEMENTS (KOHA)
Koha item type წიგნი
ეგზემპლარები
Withdrawn status Lost status Damaged status Not for loan Date acquired Barcode Date last seen Price effective from Koha item type Public note
        2018-12-17 00331 ქსეროქსი 2018-12-17 2018-12-17 წიგნი ქსეროქსი